000 00470nam a2200169Ia 4500
008 090711s9999 xx 000 0 und d
082 _b54945
100 _aटागोर रवींद्रनाथ
245 _aविभा
260 _c1986
300 _a147
600 _aटागोर रवींद्रनाथ
630 _aविभा
700 _aटागोर रवींद्रनाथ
730 _aविभा
942 _cBOOK
999 _c302774
_d302774